Chinas urban communes (Record no. 222564)
[ view plain ]
| 000 -LEADER | |
|---|---|
| fixed length control field | 00611nam a22002177a 4500 |
| 005 - DATE AND TIME OF LATEST TRANSACTION | |
| control field | 20220422143712.0 |
| 008 - FIXED-LENGTH DATA ELEMENTS--GENERAL INFORMATION | |
| fixed length control field | 220422b ||||| |||| 00| 0 eng d |
| 040 ## - CATALOGING SOURCE | |
| Transcribing agency | Aloy |
| 041 ## - LANGUAGE CODE | |
| Language code of text/sound track or separate title | eng |
| 082 ## - DEWEY DECIMAL CLASSIFICATION NUMBER | |
| Edition number | 23 |
| Classification number | 307.77 |
| Item number | LETC |
| 100 ## - MAIN ENTRY--PERSONAL NAME | |
| Personal name | Henry J Lethbridge |
| 100 ## - MAIN ENTRY--PERSONAL NAME | |
| 9 (RLIN) | 30961 |
| 245 ## - TITLE STATEMENT | |
| Title | Chinas urban communes |
| 260 ## - PUBLICATION, DISTRIBUTION, ETC. | |
| Place of publication, distribution, etc. | Hong Kong |
| Name of publisher, distributor, etc. | Dragonfly Books |
| Date of publication, distribution, etc. | 1961 |
| 300 ## - PHYSICAL DESCRIPTION | |
| Extent | ii,74 p. |
| Other physical details | PB |
| Dimensions | 18x12 cm. |
| 365 ## - TRADE PRICE | |
| Source of price type code | Sociology |
| 650 ## - SUBJECT ADDED ENTRY--TOPICAL TERM | |
| Topical term or geographic name entry element | Communities |
| 9 (RLIN) | 30962 |
| 650 ## - SUBJECT ADDED ENTRY--TOPICAL TERM | |
| Topical term or geographic name entry element | Expansion of communes |
| 9 (RLIN) | 30963 |
| 650 ## - SUBJECT ADDED ENTRY--TOPICAL TERM | |
| Topical term or geographic name entry element | Structure of the Urban Communes |
| 9 (RLIN) | 30964 |
| 700 ## - ADDED ENTRY--PERSONAL NAME | |
| Personal name | LETHBRIDGE (Henry J) |
| 9 (RLIN) | 30965 |
| 942 ## - ADDED ENTRY ELEMENTS (KOHA) | |
| Source of classification or shelving scheme | Dewey Decimal Classification |
| Koha item type | George Fernandes Collections |
| Withdrawn status | Lost status | Source of classification or shelving scheme | Damaged status | Not for loan | Collection code | Home library | Current library | Date acquired | Total Checkouts | Full call number | Barcode | Date last seen | Price effective from | Koha item type |
|---|---|---|---|---|---|---|---|---|---|---|---|---|---|---|
| Dewey Decimal Classification | Sociology | St Aloysius Library | St Aloysius Library | 03/24/2013 | 307.77 LETC | GF03140 | 04/22/2022 | 04/22/2022 | George Fernandes Collections |